Tratado de merceología y tecnología /

Guardado en:
Autor Principal: Bazzani, P L
Formato: Libro
Publicado: Buenos Aires : , 1933
Materias:
Etiquetas: Agregar Etiqueta
Sin Etiquetas, Sea el primero en etiquetar este registro!
LEADER 00404nam a22001455a 4500
001 CEM.cems000903
005 20060213000000.0
008 130507s1933##################000#0#####d
003 CEMS
082 0 4 |a 660.1 
100 1 |a Bazzani, P L 
245 1 0 |a Tratado de merceología y tecnología / 
260 |a Buenos Aires :  |b ,  |c 1933 
653 |a Merceologia 
859 |a CEMS  |b BIB. CEMS - 11 de abril  |h 660.1  |i B349/II  |p 1579.74  |t Ej.1